000 01046 a2200145 4500
003 Nust
005 20170207154319.0
040 _cNust
100 _aYeung, W. Raymond
245 _aInformation Theory and Network Coding (E-BOOK)
_bNetwork Coding
_cRaymond W. Yeung
260 _aHong Kong
_bSpringer
_c2008
300 _a597 p;
505 _aThe Science of Information (Page-1) Information Measures (Page-7) The I-Measure (Page-51) Zero-Error Data Compression (Page-81) Weak Typicality (Page-101) Discrete Memoryless Channels (Page-137) Rate-Distortion Theory (Page-183) The Blahut-Arimoto Algorithms (Page-211) Di_erential Entropy (Page-229) Continuous-Valued Channels( Page-257) Information Inequalities (Page-323) Shannon-Type Inequalities (Page-339) Beyond Shannon-Type Inequalities (Page-361) Entropy and Groups (Page-387) Introduction (Page-411) Single-Source Linear Network Coding: Acyclic Networks (Page-435) Single-Source Linear Network Coding: Cyclic Networks (Page-485) Multi-Source Network Coding (Page-505)
650 _aInformation Theory
942 _2ddc
_cBK
999 _c196686
_d196686